La Gestió dels documents administratius / Michel Roberge ; traducció del francès a càrrec de Miquel Casademont i Donay ; pròleg de Ramon Alberch i Fugueres
ISBN:
84-7794-231-5
Descripción Física:
169 p. . il. ; 24 cm
Colección:
Materials de política cultural ; 5
Materias:
Arxivística
MARC
| LEADER | 00000nam a2200000Ia 4500 | ||
|---|---|---|---|
| 001 | 10202 | ||
| 008 | 160829s1992 xx 000 0 cat d | ||
| 020 | |a 84-7794-231-5 | ||
| 080 | |a A-1-247 | ||
| 100 | |a Roberge, Michel |9 39657 | ||
| 245 | |a La Gestió dels documents administratius / Michel Roberge ; traducció del francès a càrrec de Miquel Casademont i Donay ; pròleg de Ramon Alberch i Fugueres | ||
| 260 | |a Barcelona : |b Diputació de Barcelona : |b Associació d'Arxivers de Catalunya, |c 1992 | ||
| 300 | |a 169 p. . il. ; |c 24 cm | ||
| 490 | |a Materials de política cultural ; 5 | ||
| 650 | |a Arxivística |9 36557 | ||
| 700 | |a Casademont i Donay, Miquel, tr. |9 39658 | ||
| 700 | |a Alberch i Fugueras, Ramon, |d 1951- |9 22280 | ||
| 710 | 2 | |a Associació d'Arxivers de Catalunya |9 52966 | |
| 901 | |a Arxiu | ||
| 942 | |n 1 | ||
| 952 | |0 0 |1 0 |4 0 |6 A1247 |7 1 |9 49143 |a Arxiu |b Arxiu |d 2016-12-01 |l 0 |o A-1-247 |p 10202 |r 2016-12-01 00:00:00 |w 2016-12-01 |y ARXIU | ||
| 999 | |c 52982 |d 52982 | ||